Biblia Polyglotta Matritensia. (Record no. 40493)
[ view plain ]
| 000 -CABECERA | |
|---|---|
| campo de control de longitud fija | 01090nam a2200277 a 4500 |
| 001 - NÚMERO DE CONTROL | |
| campo de control | 000041003 |
| 005 - FECHA Y HORA DE LA ÚLTIMA TRANSACCIÓN | |
| campo de control | 20201002034537.0 |
| 008 - DATOS DE LONGITUD FIJA--INFORMACIÓN GENERAL | |
| campo de control de longitud fija | 130913s19571998sp 000 0 spa d |
| 040 ## - FUENTE DE LA CATALOGACIÓN | |
| Centro catalogador/agencia de origen | DO-SdBNP |
| Lengua de catalogación | spa |
| Centro/agencia transcriptor | BNPHU |
| 082 ## - NÚMERO DE LA CLASIFICACIÓN DECIMAL DEWEY | |
| Número de clasificación | xxx |
| Número de documento/Ítem | xxx |
| 130 0# - ENTRADA PRINCIPAL--TÍTULO UNIFORME | |
| Título uniforme | Biblia |
| 9 (RLIN) | 67441 |
| 245 10 - MENCIÓN DE TÍTULO | |
| Título | Biblia Polyglotta Matritensia. |
| 260 ## - PUBLICACIÓN, DISTRIBUCIÓN, ETC. | |
| Lugar de publicación, distribución, etc. | Matriti, España : |
| Nombre del editor, distribuidor, etc. | Consejo Superior de Investigaciones Científicas, |
| Fecha de publicación, distribución, etc. | 1957-[1998]. |
| 300 ## - DESCRIPCIÓN FÍSICA | |
| Extensión | v. ; |
| Dimensiones | 32 cm. |
| 490 1# - MENCIÓN DE SERIE | |
| Mención de serie | IV |
| 500 ## - NOTA GENERAL | |
| Nota general | La biblioteca posee el proemium, L. 3 y L.5 |
| 505 0# - NOTA DE CONTENIDO CON FORMATO | |
| Información miscelánea | Conté |
| Título | Prooemium |
| Información miscelánea | L. 1 |
| Título | Genesis. |
| Información miscelánea | L. 2 |
| Título | Exodus. |
| Información miscelánea | L. 3 |
| Título | Leviticus. |
| Información miscelánea | L. 5 |
| Título | Deuteronomium |
| Información miscelánea | L. 21 |
| Título | Psalterium visigothicum-mozarabicum |
| Información miscelánea | L. 21 |
| Título | Psalterium S. Hieronymi de Hebraica veritate interpretatum |
| 700 1# - PUNTO DE ACCESO ADICIONAL--NOMBRE DE PERSONA | |
| Nombre de persona | Ayuso Marazuela, Teófilo |
| 9 (RLIN) | 67442 |
| 700 1# - PUNTO DE ACCESO ADICIONAL--NOMBRE DE PERSONA | |
| Nombre de persona | Díez Macho, Alejandro |
| 9 (RLIN) | 65385 |
| 700 1# - PUNTO DE ACCESO ADICIONAL--NOMBRE DE PERSONA | |
| Nombre de persona | Ortiz de Urbina, Ignacio |
| 9 (RLIN) | 67443 |
| 730 0# - PUNTO DE ACCESO ADICIONAL--TÍTULO UNIFORME | |
| Título uniforme | Biblia.7 |
| Nombre de parte o sección de la obra | A.T. |
| -- | Visigótico-mozárabe |
| 9 (RLIN) | 67444 |
| 730 0# - PUNTO DE ACCESO ADICIONAL--TÍTULO UNIFORME | |
| Título uniforme | Bíblia |
| Nombre de parte o sección de la obra | A.T |
| -- | Éxode |
| 9 (RLIN) | 67445 |
| 730 0# - PUNTO DE ACCESO ADICIONAL--TÍTULO UNIFORME | |
| Título uniforme | Bíblia |
| Nombre de parte o sección de la obra | A.T |
| -- | Deuteronomi |
| 9 (RLIN) | 67446 |
| 730 0# - PUNTO DE ACCESO ADICIONAL--TÍTULO UNIFORME | |
| Título uniforme | Bíblia |
| Nombre de parte o sección de la obra | A.T |
| -- | Levític |
| 9 (RLIN) | 67447 |
| 830 #0 - PUNTO DE ACCESO ADICIONAL DE SERIE-TÍTULO UNIFORME | |
| Título uniforme | IV |
| 9 (RLIN) | 67448 |
| Estado de retiro | Estado de pérdida | Restricciones de uso | No para préstamo | Código de colección | Localización permanente | Ubicación/localización actual | Ubicación en estantería | Fecha de adquisición | Número de inventario | Total de préstamos | Signatura topográfica completa | Código de barras | Fecha visto por última vez | Precio válido a partir de | Tipo de ítem Koha |
|---|---|---|---|---|---|---|---|---|---|---|---|---|---|---|---|
| Excluido de préstamo | Monografías: Libros y Folletos | General | General | En catalogación | 13.09.2013 | LF1 | xxx xxx | 41003-10 | 25.06.2020 | 25.06.2020 | No se presta | ||||
| Excluido de préstamo | Monografías: Libros y Folletos | General | General | En catalogación | 19.11.2013 | LF1 | v. 3 | 41003-20 | 25.06.2020 | 25.06.2020 | No se presta | ||||
| Excluido de préstamo | Monografías: Libros y Folletos | General | General | En catalogación | 19.11.2013 | LF1 | v. 5 | 41003-30 | 25.06.2020 | 25.06.2020 | No se presta |
